Ballon d'or par année - Statistiques

Statistiques générales
  • Ce quiz a été pris 79 fois
    26 depuis la dernière actualisation
  • Le résultat moyen est 37 sur 69
Statistiques - réponses
Hint Réponse % Correct
2023 Lionel Messi
94%
2025 Ousmane Dembélé
94%
2024 Rodri
94%
2017 Cristiano Ronaldo
88%
2016 Cristiano Ronaldo
88%
2018 Luka Modrić
88%
2019 Lionel Messi
82%
2012 Lionel Messi
82%
2011 Lionel Messi
82%
2010 Lionel Messi
82%
2013 Cristiano Ronaldo
76%
2007 Kaká
76%
2022 Karim Benzema
76%
2021 Lionel Messi
76%
2014 Cristiano Ronaldo
71%
2008 Cristiano Ronaldo
71%
2006 Fabio Cannavaro
71%
2009 Lionel Messi
71%
2003 Pavel Nedvěd
65%
2005 Ronaldinho
65%
2002 Ronaldo
65%
1997 Ronaldo
65%
1998 Zinédine Zidane
65%
2004 Andriy Chevtchenko
59%
2015 Lionel Messi
59%
2000 Luís Figo
59%
1995 George Weah
53%
2001 Michael Owen
53%
1999 Rivaldo
53%
1981 Karl-Heinz Rummenigge
47%
1990 Lothar Matthäus
47%
1989 Marco van Basten
47%
1996 Matthias Sammer
47%
1984 Michel Platini
47%
1983 Michel Platini
47%
1975 Oleg Blokhine
47%
1977 Allan Simonsen
41%
1966 Bobby Charlton
41%
1976 Franz Beckenbauer
41%
1970 Gerd Müller
41%
1994 Hristo Stoitchkov
41%
1986 Igor Belanov
41%
1971 Johan Cruyff
41%
1980 Karl-Heinz Rummenigge
41%
1979 Kevin Keegan
41%
1978 Kevin Keegan
41%
1988 Marco van Basten
41%
1985 Michel Platini
41%
1982 Paolo Rossi
41%
1993 Roberto Baggio
41%
1987 Ruud Gullit
41%
1957 Alfredo Di Stéfano
35%
1965 Eusébio
35%
1972 Franz Beckenbauer
35%
1969 Gianni Rivera
35%
1991 Jean-Pierre Papin
35%
1974 Johan Cruyff
35%
1973 Johan Cruyff
35%
1963 Lev Yachine
35%
1992 Marco van Basten
35%
1958 Raymond Kopa
35%
1964 Denis Law
29%
1967 Flórián Albert
29%
1968 George Best
29%
1962 Josef Masopust
29%
1960 Luis Suárez
29%
1961 Omar Sívori
29%
1956 Stanley Matthews
29%
1959 Alfredo Di Stéfano
24%
Aucun quiz correspondant
Distribution des résultats
% des personnes avec chaque résultat
Percentile par nombre de réponses
Votre historique - résultats
Vous n’avez pas pris ce quiz depuis la dernière actualisation